I Give Songs, You Give Band #2 - Statistics

General Stats
  • This quiz has been taken 33 times
  • The average score is 8 of 20
Answer Stats
Hint Answer % Correct
Don't Stop 'Til You Get Enough, In the Closet, Thriller Michael Jackson
93%
2000 Light Years from Home, Can I Get a Witness, Paint It Black The Rolling Stones
82%
Lost in the Supermarket, Should I Stay or Should I Go, White Riot The Clash
71%
The Acid Queen, Who Are You, Behind Blue Eyes The Who
71%
Welcome to Paradise, Basket Case, Wake Me Up When September Ends Green Day
68%
A Saucerful of Secrets, Wot's... Uh, the Deal?, Another Brick in the Wall (pt1-3) Pink Floyd
68%
White America, Kamikaze, My Name Is Eminem
57%
Breaking the Law, Electric Eye, Painkiller Judas Priest
50%
Bring Your Daughter... To the Slaughter, Wasting Love, Running Free Iron Maiden
36%
Teenage Lobotomy, Danny Says, Now I Wanna Sniff Some Glue The Ramones
36%
Barbarism Begins at Home, Bigmouth Strikes Again, Girlfriend in a Coma The Smiths
32%
Shut Up and Drive, S&M, Love Without Tragedy / Mother Mary Rihanna
29%
Not If You Were the Last Junkie on Earth, We Used to Be Friends, Bohemian Like You The Dandy Warhols
29%
Infected, Love Is Stronger than Death, Beyond Love The The
25%
Fascination Street, High, In Between Days The Cure
21%
Rag Mama Rag, It Makes No Difference, Stage Fright The Band
14%
It's a Long Way to the Promise Land, American Jesus, Popular Consensus Bad Religion
11%
Six Pack, Slip It In, It's Not My Time to Go-Go Black Flag
11%
Raining Again, Why Does My Heart Feel So Bad?, Ooh Yeah Moby
11%
Give Me a Reason, I Never Loved You Anyway; Forgiven, Not Forgotten The Corrs
4%
No matching quizzes found
Score Distribution
Percent of People with Each Score
Percentile by Number Answered
Your Score History
You have not taken this quiz